Disney Animals by Country - Statistics

General Stats
  • This quiz has been taken 115 times
  • The average score is 11 of 15
Answer Stats
Animal Country % Correct
Mushu China
89%
Bagheera India
88%
Baloo India
88%
Tramp USA
84%
Meeko USA
84%
Naveen USA
84%
Pascal Germany
82%
Sven Norway
80%
Jiminy Italy
74%
Djali France
70%
Percy UK
68%
Rajah Iraq
61%
Iago Iraq
61%
Sebastian Denmark
55%
Pumbaa South Africa
54%
No matching quizzes found
Score Distribution
Percent of People with Each Score
Percentile by Number Answered
Your Score History
You have not taken this quiz